书目信息 |
| 题名: |
园林绿化工程工程量清单编制实例详解
|
|
| 作者: | 王军霞 , 常文见 , 王景文 , 王景怀 主编 | |
| 分册: | ||
| 出版信息: | 北京 中国建筑工业出版社 2016.06 |
|
| 页数: | 118页 | |
| 开本: | 26cm | |
| 丛书名: | 工程量清单编制实例详解丛书 | |
| 单 册: | ||
| 中图分类: | TU986.3 | |
| 科图分类: | ||
| 主题词: | 园林--yuan lin--绿化--工程造价 | |
| 电子资源: | ||
| ISBN: | 978-7-112-18907-6 | |
| 000 | 01450nam 2200301 450 | |
| 001 | CAL 0120161858908 | |
| 005 | 20240508110647.95 | |
| 010 | @a978-7-112-18907-6@dCNY18.00 | |
| 100 | @a20170904d2016 em y0chiy50 ea | |
| 101 | 0 | @achi |
| 102 | @aCN@b110000 | |
| 105 | @aak a 000yy | |
| 200 | 1 | @a园林绿化工程工程量清单编制实例详解@Ayuan lin lv hua gong cheng gong cheng liang qing dan bian zhi shi li xiang jie@f王景怀 ... [等] 主编 |
| 210 | @a北京@c中国建筑工业出版社@d2016.06 | |
| 215 | @a118页@c图@d26cm | |
| 225 | 2 | @a工程量清单编制实例详解丛书@Agong cheng liang qing dan bian zhi shi li xiang jie cong shu |
| 304 | @a题名页题其余责任者: 王军霞, 常文见, 王景文 | |
| 320 | @a有书目 (第118页) | |
| 330 | @a本书依据现行国家标准《建设工程工程量清单计价规范》GB 50500-2013的规定, 将《园林绿化工程工程量计算规范》GB 50858-2013相对于原国家标准《建设工程工程量清单计价规范》GB 50500-2008附录E在项目编码、项目名称、项目特征、计量单位、工程量计算规则、工作内容等六项变化汇总列表。本书包括绿化工程, 园路、园桥工程, 园林景观工程与措施项目, 工程量清单编制综合实例等4章内容。 | |
| 410 | 0 | @12001 @a工程量清单编制实例详解丛书 |
| 606 | 0 | @a园林@Ayuan lin@x绿化@x工程造价 |
| 690 | @aTU986.3@v5 | |
| 701 | 0 | @a王军霞@Awang jun xia@4主编 |
| 701 | 0 | @a常文见@Achang wen jian@4主编 |
| 701 | 0 | @a王景文@Awang jing wen@4主编 |
| 701 | 0 | @a王景怀@Awang jing huai@4主编 |
| 801 | 0 | @aCN@b河南城建学院图书馆@c20170904 |
| 905 | @dTU986.3@eW2322@f2 | |
| 园林绿化工程工程量清单编制实例详解/王景怀 ... [等] 主编.-北京:中国建筑工业出版社,2016.06 |
| 118页:图;26cm.-(工程量清单编制实例详解丛书) |
| ISBN 978-7-112-18907-6:CNY18.00 |
| 本书依据现行国家标准《建设工程工程量清单计价规范》GB 50500-2013的规定, 将《园林绿化工程工程量计算规范》GB 50858-2013相对于原国家标准《建设工程工程量清单计价规范》GB 50500-2008附录E在项目编码、项目名称、项目特征、计量单位、工程量计算规则、工作内容等六项变化汇总列表。本书包括绿化工程, 园路、园桥工程, 园林景观工程与措施项目, 工程量清单编制综合实例等4章内容。 |
| ● |
| 相关链接 |
|
|
|
正题名:园林绿化工程工程量清单编制实例详解
索取号:TU986.3/W2322
 
预约/预借
| 序号 | 登录号 | 条形码 | 馆藏地/架位号 | 状态 | 备注 |
| 1 | 1243856 | 212438566 | 建筑库201/201建筑库 115排2列1层/ [索取号:TU986.3/W2322] | 在馆 | |
| 2 | 1307700 | 213077007 | 建筑库201/201建筑库 115排2列1层/ [索取号:TU986.3/W2322] | 在馆 | |
| 3 | 1307701 | 213077016 | 建筑库201/201建筑库 115排2列1层/ [索取号:TU986.3/W2322] | 在馆 | |
| 4 | 1307702 | 213077025 | 建筑库201/201建筑库 115排2列1层/ [索取号:TU986.3/W2322] | 在馆 | |
| 5 | 1307703 | 213077034 | 建筑库201/201建筑库 115排2列1层/ [索取号:TU986.3/W2322] | 在馆 | |
| 6 | 1307704 | 213077043 | 建筑库201/201建筑库 115排2列1层/ [索取号:TU986.3/W2322] | 在馆 | |
| 7 | 1307705 | 213077052 | 建筑库201/201建筑库 115排2列1层/ [索取号:TU986.3/W2322] | 在馆 | |
| 8 | 1316750 | 213167507 | 建筑库201/201建筑库 115排2列1层/ [索取号:TU986.3/W232-2] | 在馆 | |
| 9 | 1316751 | 213167516 | 建筑库201/201建筑库 115排2列1层/ [索取号:TU986.3/W232-2] | 在馆 | |
| 10 | 1551824 | 215518241 | 建筑库201/201建筑库 115排2列1层/ [索取号:TU986.3/W2322] | 在馆 | |
| 11 | 1551825 | 215518250 | 建筑库201/201建筑库 115排2列1层/ [索取号:TU986.3/W2322] | 在馆 | |
| 12 | 1551826 | 215518269 | 建筑库201/201建筑库 115排2列1层/ [索取号:TU986.3/W2322] | 在馆 | |
| 13 | 1551827 | 215518278 | 建筑库201/201建筑库 115排2列1层/ [索取号:TU986.3/W2322] | 在馆 | |
| 14 | 1551828 | 215518287 | 建筑库201/201建筑库 115排2列1层/ [索取号:TU986.3/W2322] | 在馆 | |
| 15 | 1551829 | 215518296 | 建筑库201/201建筑库 115排2列1层/ [索取号:TU986.3/W2322] | 在馆 |